The new organic grower : (Record no. 18853)

000 -LEADER
fixed length control field 00595pam a2200193 a 4500
020 ## - INTERNATIONAL STANDARD BOOK NUMBER
ISBN 0930031229 (alk. paper) :
040 ## - CATALOGING SOURCE
Transcribing agency DLC
082 00 - DEWEY DECIMAL CLASSIFICATION NUMBER
Classification number 635 CHE 1989 C153 Or.
100 1# - MAIN ENTRY--AUTHOR NAME
Personal name Coleman, Eliot,
245 14 - TITLE STATEMENT
Title The new organic grower :
Remainder of title a master's manual of tools and techniques for the home and market gardener /
260 ## - PUBLICATION, DISTRIBUTION, ETC. (IMPRINT)
Place of publication Chelsea, Vt :
Name of publisher Chelsea Green,
Year of publication c1989.
300 ## - PHYSICAL DESCRIPTION
Number of Pages xv, 269 p. :
Other physical details ill. ;
Dimensions 26 cm.
500 ## - GENERAL NOTE
General note Includes index.
650 #0 - SUBJECT ADDED ENTRY--TOPICAL TERM
Topical Term Vegetable gardening.
650 #0 - SUBJECT ADDED ENTRY--TOPICAL TERM
Topical Term Organic gardening.
650 #0 - SUBJECT ADDED ENTRY--TOPICAL TERM
Topical Term Truck farming.
650 #0 - SUBJECT ADDED ENTRY--TOPICAL TERM
Topical Term Organic farming.
942 ## - ADDED ENTRY ELEMENTS (KOHA)
Koha item type ADB
952 ## - LOCATION AND ITEM INFORMATION (KOHA)
Withdrawn status [LOCAL, KOHA] 0
Holdings
Source of acquisition Permanent Location Date acquired Koha item type Lost status Shelving location Current Location Full call number
A39418Library Block C2020-01-29សៀវភៅភាសាអង់គ្លេស C153Library Block C635 CHE 1989 C153 Or.
មជ្ឈមណ្ឌលឯការនៃសាកលវិទ្យាល័យភូមិន្ទកសិកម្មចំការដូង

Powered by Koha